书目信息 |
| 题名: |
横生斜长集
|
|
| 作者: | 杨天石 著 | |
| 分册: | ||
| 出版信息: | 天津 百花文艺出版社 1998.10 |
|
| 页数: | 457页 | |
| 开本: | 32开 | |
| 丛书名: | ||
| 单 册: | ||
| 中图分类: | ||
| 科图分类: | ||
| 主题词: | 散文--中国 , 散文--作品综合集--中国 | |
| 电子资源: | ||
| ISBN: | 7-5306-2653-1 | |
| 000 | 00590nam0 2200217 45 | |
| 001 | 9909281523 | |
| 005 | 20010511095135.8 | |
| 010 | @a7-5306-2653-1@d20.00元 | |
| 100 | @a19990928d1998 km y0chiy0120 ea | |
| 101 | @achi | |
| 105 | @a z 000yy | |
| 200 | 1 | @a横生斜长集@AHeng Sheng Xie Chang Ji@f杨天石著@FYang Tian Shi Zhu |
| 210 | @a天津@c百花文艺出版社@d1998.10 | |
| 215 | @a457页@d32开 | |
| 606 | 0 | @a散文@x中国 |
| 606 | 0 | @a散文@x作品综合集@x中国 |
| 690 | @v3 | |
| 690 | @aI266@v3 | |
| 701 | @a杨天石@4著 | |
| 801 | @aCN@bPFTUser@c19990928 | |
| 905 | @dI266@eY796@f5@b342137-141 | |
| 横生斜长集/杨天石著.-天津:百花文艺出版社,1998.10 |
| 457页;32开 |
| ISBN 7-5306-2653-1:20.00元 |
| ● |
| 相关链接 |
|
|
|
正题名:横生斜长集
索取号:I266/Y796
 
预约/预借
| 序号 | 登录号 | 条形码 | 馆藏地/架位号 | 状态 | 备注 |
| 1 | 342137 | 203421378 | 文学库116/116文学库 2排1列6层/ [索取号:I266/Y796] | 在馆 | |
| 2 | 342138 | 203421387 | 文学库116/116文学库 2排1列6层/ [索取号:I266/Y796] | 在馆 | |
| 3 | 342139 | 203421396 | 社科二线400B/400B社科库 25排1列5层/ [索取号:I266/Y796] | 在馆 | |
| 4 | 342140 | 203421403 | 社科二线400B/400B社科库 25排1列5层/ [索取号:I266/Y796] | 在馆 | |
| 5 | 342141 | 203421412 | 文学库116/116文学库 1排1列3层/ [索取号:I266/Y796] | 在馆 |